Đại cương lịch sử thế giới cận đại

সংরক্ষণ করুন:
গ্রন্থ-পঞ্জীর বিবরন
প্রধান লেখক: Võ Dương Ninh
বিন্যাস: গ্রন্থ
প্রকাশিত: H Nxb. Giáo dục
ট্যাগগুলো: ট্যাগ যুক্ত করুন
কোনো ট্যাগ নেই, প্রথমজন হিসাবে ট্যাগ করুন!
Thư viện lưu trữ: Mạng thư viện Đại học Đà Nẵng
LEADER 00721nam a2200229 4500
001 000015565
003 11948
005 20150812150827.0
008 120530s sd
100 0 |a Võ Dương Ninh 
245 0 0 |a Đại cương lịch sử thế giới cận đại  |c Võ Dương Ninh, Nguyễn Văn Hồng 
260 |a H  |b Nxb. Giáo dục 
774 |a Võ Dương Ninh  |d Giáo dục  |d H.  |d 1995  |g T.1  |h 360tr  |w 11945 
774 |a Vũ Dương Ninh  |d Giáo dục  |d H.  |d 1996  |g T.2  |h 324tr  |w 11949 
OWN |a LSP 
999 |a From the UDN01 
TYP |a Monograph 
TYP |a Printed language 
980 |a Mạng thư viện Đại học Đà Nẵng